Rostros de mi vida / (Registro nro. 9491)

Detalles MARC
000 -LIDER
fixed length control field 00729nam a2200265 4500
001 - NÚMERO DE CONTROL
Identificador de número de control 0002536
003 - IDENTIFICACDOR DE NÚMERO DE CONTROL
control field DO-SdBNP
005 - DATE AND TIME OF LATEST TRANSACTION
control field 20180213091554.0
007 - CAMPOS FIJOS DE DESCRIPCIÓN FÍSICA
fixed length control field 0002536
008 - ELEMENTOS DE LONGITUD FIJA
fixed length control field 160401b 2008 dr ||| |||| 00| 0 spa d
040 ## - FUENTE DE CATALOGACIÓN
Agencia que crea de manera original el registro BPMSU
Idioma de catalogación spa
Agencia que realiza la transcripción BPMSU
082 #4 - NÚMERO DE CLASIFICACIÓN DECIMAL DE DEWEY
Classification number RD861.44
Item number E79r
100 1# - ASIENTO PRINCIPAL -- NOMBRE PERSONAL
Término de relación Estévez, Domingo José
245 10 - MENCIÓN DE TITULO
Título Rostros de mi vida /
Mención de responsabilidad Domingo José Estévez
260 0# - PUBLICACIÓN, DISTRIBUCIÓN, ETC. (PIE DE IMPRENTA)
Lugar de publicación, distribución, etc Santo Domingo :
Nombre del editor, distribuidor, etc. Delfos,
Fecha de publicación, distribución, etc 2008
300 ## - DESCRIPCIÓN FÍSICA
Extensión 86 p. :
Dimensiones 20 cm.
490 1# - MENCIÓN DE SERIES
Materiales especificados Poesía
650 #4 - ENCABEZAMIENTO DE MATERIA--TEMÁTICO
Término temático o nombre geográfico como elemento de entrada POESÍAA DOMINICANA
650 #4 - ENCABEZAMIENTO DE MATERIA--TEMÁTICO
Término temático o nombre geográfico como elemento de entrada LITERATURA DOMINICANA
830 ## - ASIENTO SECUNDARIO DE SERIE--TÍTULO UNIFORME
Materiales especificados Poesía
910 ## - VALIDACIÓN
Validación Validado. Control de calidad MFF
942 ## - ADDED ENTRY ELEMENTS (KOHA)
Source of classification or shelving scheme Dewey Decimal Classification
Koha item type Libros
945 ## - INFORMACIÓN DE PROCESAMIENTO LOCAL
Información de procesamiento local Inventariado, 2018/ YL
956 ## - LOCAL ELECTRONIC LOCATION AND ACCESS (OCLC)
Método de acceso VMATEO
Materiales especificados 10
Enlace 20160301
Campo enlazado y núm. de secuencia BPMSU
Nombre de host 0069
Existencias
Withdrawn status Lost status Source of classification or shelving scheme Damaged status Not for loan Collection code Home library Current library Date acquired Source of acquisition Total Checkouts Full call number Barcode Date last seen Price effective from Koha item type
    Dewey Decimal Classification     Colección Dominicana Biblioteca Pública Metropolitana Salomé Ureña Biblioteca Pública Metropolitana Salomé Ureña 04/01/2016 Donado Fundación Economía y Desarrollo   RD861.44 E79r BPMSU16040001 04/01/2016 04/01/2016 Libros